Times por Escudo - Bolivian Primeira División 2025 - Statistics

Estatísticas Gerais
  • Esse quiz foi jogado 23 vezes
  • A pontuação média é 9 de 16
Estatísticas das Respostas
Imagem Resposta % Correto
Bolívar
95%
Jorge Wilstermann
86%
The Strongest
86%
Always Ready
81%
Nacional Potosí
81%
Oriente Petrolero
81%
San Antonio Bulo Bulo
76%
Aurora
71%
Guabirá
52%
Blooming
48%
Independiente Petrolero
48%
Real Tomayapo
29%
Universitário de Vinto
29%
Real Oruro
19%
Gualberto Villarroel
10%
ABB
5%
Nenhum quiz correspondente encontrado
Distribuição das Pontuações
Porcentagem de Pessoas com Cada Pontuação
Percentil de Números Respondidos
Sua Pontuação Histórica
Você não jogou esse quiz